Biologically active alkaloids from kopsia /
Saved in:
| Main Author: | |
|---|---|
| Format: | Thesis Book |
| Language: | English |
| Published: |
2011.
|
| Subjects: | |
| Online Access: | http://studentsrepo.um.edu.my/id/eprint/3064 |
| Tags: |
Add Tag
No Tags, Be the first to tag this record!
|
| LEADER | 01080cam a2200301 a 4500 | ||
|---|---|---|---|
| 001 | u854663 | ||
| 003 | SIRSI | ||
| 005 | 201204121748 | ||
| 008 | 120412s2011 my a t 000 0 eng m | ||
| 040 | |a UMM |d AUM | ||
| 043 | |a a-my--- | ||
| 090 | |a QD3 |b UM 2011 Yap | ||
| 100 | 1 | |a Yap, Wai Sum. | |
| 245 | 1 | 0 | |a Biologically active alkaloids from kopsia / |c Yap Wai Sum. |
| 260 | |c 2011. | ||
| 300 | |a [2] xvii, 190 leaves : |b ill. ; |c 30 cm. | ||
| 502 | |a Dissertation (M.Sc.) -- Jabatan Kimia, Fakulti Sains, Universiti Malaya, 2011. | ||
| 504 | |a Bibliography: leaves 180-190. | ||
| 530 | |a Also issued in CD. | ||
| 596 | |a 1 25 | ||
| 650 | 0 | |a Alkaloids. | |
| 650 | 0 | |a Apocynaceae |x Analysis. | |
| 650 | 0 | |a Plants |x Effect of alkaloids on |z Malaysia. | |
| 710 | 2 | 0 | |a Universiti Malaya. |b Jabatan Kimia. |
| 856 | 4 | 1 | |u http://studentsrepo.um.edu.my/id/eprint/3064 |
| 900 | |a ZA | ||
| 999 | |a QD3 UM 2011 YAP |w LC |c 1 |i A515059672 |d 4/1/2013 |f 4/1/2013 |g 1 |l STACKS |m P01UTAMA |r Y |s Y |t TESIS |u 3/1/2013 | ||
| 999 | |a QD3 UM 2011 YAP |w LC |c 1 |i A516811875 |l STACKS |m P25UMARCHI |r Y |s Y |t CD |u 29/5/2017 |1 STEM |2 GIFT | ||
